[Event "Let's Play Chess!"]
[Site "http://www.queenalice.com/game.php?id=1372656"]
[Date "2015.7.22"]
[Round "-"]
[White "AlexRB"]
[Black "Rider"]
[Result "1-0"]
[WhiteElo "1345"]
[BlackElo "1585"]

1. e4 e5 2. Bc4 Nf6 3. Nf3 Qe7 4. Ng5 h6 5. Nxf7 Rh7 6. Qf3 c6 7. Qf5 g5 8. Qg6
d5 9. Nxe5+ Kd8 10. exd5 Qxe5+ 11. Be2 cxd5 12. Nc3 b6 13. O-O d4 14. Nd5 Bf5
15. Qxf6+ Qxf6 16. Nxf6 Rf7 17. Nd5 Bxc2 18. Bf3 Nc6 19. Nxb6 axb6 20. Bxc6 Rc8
21. Bd5 Re7 22. b3 Bg7 23. Bb2 Rd7 24. Be6 Rcc7 25. Bxd7 Kxd7 26. Rac1 Kd6 27.
Ba3+ Kd7 28. h3 h5 29. Rfe1 Bf6 30. f3 h4 31. Re2 d3 32. Re3 Rc6 33. Re4 Kd8 34.
f4 gxf4 35. Rxf4 Be7 36. Bxe7+ Kxe7 37. Rxh4 Kf7 38. Rf1+ Ke7 39. Rh7+ Ke8 40.
Rh8+ Ke7 41. g4 Re6 42. Rf2 Re2 43. Rxe2+ dxe2 44. Kf2 Bd3 45. Rh6 Kf7 46. Rxb6
Kg7 47. Re6 Kf7 48. Rxe2 Bxe2 49. Kxe2 Kg6 50. a4 Kg5 51. a5 Kh4 52. a6 Kxh3 53.
a7 Kxg4 54. a8=Q Kf5 55. Qe8 Kf6 56. d4 Kf5 57. Qe5+ Kg4 58. Ke3 Kh4 59. Qf4+
Kh5 60. Qf8 Kg5 61. Ke4 Kg4 62. Qg8+ Kh3 63. Kf3 Kh4 64. Qg4# 1-0

[Event "AUTO-INT-3029"]
[Site "http://www.queenalice.com/game.php?id=1373644"]
[Date "2015.7.27"]
[Round "1"]
[White "jadoube2012"]
[Black "AlexRB"]
[Result "1-0"]
[WhiteElo "1801"]
[BlackElo "1334"]

1. e4 e5 2. Nf3 d6 3. d4 Nc6 4. Bb5 Bd7 5. d5 Nb4 6. Bxd7+ Qxd7 7. a3 Qa4 8. b3
Qa5 9. Bd2 c5 10. dxc6 bxc6 11. Bxb4 Qb6 12. Bxd6 Bxd6 13. Qxd6 f6 14. O-O Rd8
15. Qe6+ Ne7 16. Nh4 Rd7 17. Nf5 Kd8 18. Nxe7 Rxe7 19. Rd1+ Ke8 20. Qc8+ 1-0

[Event "AUTO-INT-3029"]
[Site "http://www.queenalice.com/game.php?id=1373645"]
[Date "2015.7.27"]
[Round "1"]
[White "AlexRB"]
[Black "jadoube2012"]
[Result "0-1"]
[WhiteElo "1348"]
[BlackElo "1774"]

1. e4 c6 2. Qf3 d5 3. e5 e6 4. d4 Be7 5. Qg3 g6 6. Nf3 Nd7 7. Be2 c5 8. Bb5 cxd4
9. Nxd4 Qc7 10. f4 a6 11. Bxd7+ Bxd7 12. Nd2 Nh6 13. O-O Qb6 14. Nf3 Nf5 15. Qf2
Nxd4 16. Nxd4 O-O 17. Be3 Qc7 18. h3 Rac8 19. c3 f5 20. Rad1 Qd8 21. b4 Rxc3 22.
Bd2 Rc4 23. Rb1 b5 24. a3 Qb6 25. Be3 Qc7 26. Nf3 Rc8 27. Nd2 Rc2 28. Qe1 Qc3
29. Nf3 Qxa3 30. Nd4 Rb2 31. Rc1 Qa2 32. Rxc8+ Bxc8 33. Bf2 Bxb4 34. Qa1 Rxf2
0-1

[Event "AUTO-INT-3029"]
[Site "http://www.queenalice.com/game.php?id=1373660"]
[Date "2015.7.27"]
[Round "1"]
[White "Wildhagen"]
[Black "AlexRB"]
[Result "1-0"]
[WhiteElo "1700"]
[BlackElo "1344"]

1. e4 e5 2. Nf3 Nc6 3. Bc4 h6 4. Nc3 Bc5 5. a3 a6 6. d4 exd4 7. Nxd4 Bxd4 8. Nd5
Qh4 9. O-O Be5 10. g3 Qd8 11. Qf3 Nd4 12. Nxc7+ Qxc7 13. Qxf7+ Kd8 14. f4 Qxc4
15. Qxc4 Bf6 16. e5 Ne6 17. exf6 Nxf6 18. f5 b5 19. Qh4 g5 20. Qb4 Nc7 21. Re1
Bb7 22. Qe7+ Kc8 23. Qxf6 1-0

[Event "AUTO-INT-3029"]
[Site "http://www.queenalice.com/game.php?id=1373661"]
[Date "2015.7.27"]
[Round "1"]
[White "AlexRB"]
[Black "Wildhagen"]
[Result "0-1"]
[WhiteElo "1348"]
[BlackElo "1724"]

1. e4 d6 2. Qf3 e5 3. Bc4 Nf6 4. d3 h6 5. Nc3 Nc6 6. Nge2 Bg4 7. Qg3 Qd7 8. O-O
Nh5 9. Qh4 Be7 10. Qxe7+ Qxe7 11. Nd5 Qd7 12. Nec3 Nd4 13. Be3 Nxc2 14. Bb5 c6
15. Rac1 Nd4 16. Ba4 Be2 17. Rfe1 Bxd3 18. Kh1 b5 19. Nxb5 cxb5 20. Nc7+ Ke7 21.
Nxa8 bxa4 22. Rc7 Rxa8 23. Rxd7+ Kxd7 0-1

[Event "AUTO-INT-3029"]
[Site "http://www.queenalice.com/game.php?id=1373672"]
[Date "2015.7.27"]
[Round "1"]
[White "AlexRB"]
[Black "sccp1910"]
[Result "0-1"]
[WhiteElo "1353"]
[BlackElo "1628"]

1. e4 e5 2. Qh5 Qf6 3. Bc4 g6 4. Qh3 Nc6 5. Bb5 Bc5 6. Nf3 d5 7. Bxc6+ bxc6 8.
Qg3 dxe4 9. Nxe5 Nh6 10. O-O Bd6 11. d4 c5 12. c3 Ng4 13. Bf4 cxd4 14. cxd4 O-O
15. h3 g5 16. Nxg4 Bxg4 17. Bxd6 cxd6 18. Qxg4 h6 19. Qxe4 Rae8 20. Nc3 Rxe4 21.
Nxe4 Qxd4 22. Nc3 Qd2 23. Na4 Qb4 24. b3 d5 25. Nb2 d4 26. Rfd1 Rd8 27. Nd3 Qc3
28. Rac1 Qa5 29. Rc4 Qxa2 30. Nc1 Qa3 31. b4 d3 0-1

[Event "AUTO-INT-3029"]
[Site "http://www.queenalice.com/game.php?id=1373673"]
[Date "2015.7.27"]
[Round "1"]
[White "sccp1910"]
[Black "AlexRB"]
[Result "0-1"]
[WhiteElo "1380"]
[BlackElo "1339"]

1. e4 e5 2. Qf3 Nf6 3. Nh3 Nc6 4. Ng5 Nd4 5. Qd3 Be7 6. Qc4 O-O 7. Bd3 h6 8. Nf3
a6 9. Nxe5 c5 10. c3 Ne6 11. a3 Qc7 12. O-O Qxe5 13. f4 Nxf4 14. Bc2 Ng4 15. d4
Qg5 16. Rxf4 Ne3 17. Bxe3 d6 18. Nd2 Bh3 19. g3 b5 20. Qd3 Qg6 21. Rh4 Bxh4 22.
Bf2 c4 23. Qf3 Bg5 24. Rc1 Bxd2 25. e5 Qg5 26. Qe4 Bf5 27. Qxf5 Qxf5 28. Bxf5
Bxc1 29. Be4 Rad8 30. b4 cxb3 0-1

[Event "Let's Play Chess!"]
[Site "http://www.queenalice.com/game.php?id=1377117"]
[Date "2015.8.12"]
[Round "-"]
[White "AlexRB"]
[Black "charles31"]
[Result "0-1"]
[WhiteElo "1347"]
[BlackElo "1717"]

1. e4 e5 2. Nf3 d6 3. d3 Nc6 4. Ng5 f6 5. Nf3 g6 6. Be2 Be6 7. Bd2 Qd7 8. h3 h5
9. O-O g5 10. a3 h4 11. Bc3 g4 12. Nfd2 gxh3 13. gxh3 Bxh3 14. Re1 Qg7+ 0-1

[Event "AUTO-INT-3038"]
[Site "http://www.queenalice.com/game.php?id=1377482"]
[Date "2015.8.14"]
[Round "1"]
[White "carlosjvega"]
[Black "AlexRB"]
[Result "1-0"]
[WhiteElo "1662"]
[BlackElo "1357"]

1. e4 e5 2. Bc4 Qf6 3. Qf3 Qxf3 4. Nxf3 Bd6 5. Ng5 Nh6 6. Nc3 f6 7. Nf3 Nc6 8.
d3 Nb4 9. Bb3 a5 10. a3 Nc6 11. Nb5 Nf7 12. Bxf7+ Kxf7 13. Nxd6+ cxd6 14. Be3 b5
15. O-O b4 16. a4 h6 17. b3 Bb7 18. Bd2 Ne7 19. c3 Rhc8 20. c4 Ng6 21. g3 Rh8
22. Rac1 Rhf8 23. Rfe1 Kg8 24. d4 exd4 25. Nxd4 Ne5 26. Re3 Ng4 27. Re2 Rae8 28.
f3 Ne5 29. Nb5 Nd3 30. Rf1 Nb2 31. Nxd6 Rb8 32. Bxh6 gxh6 33. Rxb2 Bc6 34. Nf5
Kh7 35. Rd1 Rfd8 36. Rd6 Rf8 37. Nd4 Rbc8 38. Rd2 Kg7 39. Nxc6 dxc6 40. Re6 Rcd8
41. Rdd6 Rxd6 42. Rxd6 Rc8 43. Kf2 Kf7 44. Rd7+ Kg6 45. f4 c5 46. g4 h5 47. h3
h4 48. Ra7 Rd8 49. Rxa5 Rd2+ 50. Ke3 Rh2 51. Rxc5 Rxh3+ 52. Kf2 Rxb3 53. a5 Ra3
54. Rb5 h3 55. Rxb4 h2 56. Kg2 Ra2+ 57. Kh1 1-0

[Event "AUTO-INT-3038"]
[Site "http://www.queenalice.com/game.php?id=1377483"]
[Date "2015.8.14"]
[Round "1"]
[White "AlexRB"]
[Black "carlosjvega"]
[Result "0-1"]
[WhiteElo "1361"]
[BlackElo "1658"]

1. e4 e5 2. Qf3 Nc6 3. Bc4 Qf6 4. Qxf6 Nxf6 5. Nc3 a6 6. Nf3 Bb4 7. Nd5 Nxd5 8.
Bxd5 O-O 9. c3 Ba5 10. O-O Ne7 11. Nxe5 Nxd5 12. exd5 d6 13. Nc4 Bb6 14. Nxb6
cxb6 15. d4 Bd7 16. Bf4 Rfe8 17. b3 b5 18. Bxd6 Bf5 19. Rae1 Bd3 20. Rxe8+ Rxe8
21. Rd1 Bg6 22. Bg3 Rc8 23. d6 Bf5 24. h3 Rxc3 25. Re1 Kf8 26. Re7 Bc8 27. Rc7
Rxc7 28. dxc7 Ke7 29. d5 b6 30. d6+ Ke6 31. h4 Kd5 32. Bf4 Kd4 33. h5 Kc3 34. a3
Kxb3 35. Bc1 a5 36. Be3 b4 37. axb4 Kxb4 38. Bxb6 a4 39. Bd4 g6 40. hxg6 hxg6
41. f4 a3 42. g3 a2 43. Kf2 Kc4 44. Bf6 Kd5 45. Be5 f5 46. Ke2 Ke4 47. Kd2 Kf3
48. Kc2 Kxg3 49. Kb3 Kf3 50. Kxa2 Ke4 51. Kb3 g5 52. Kc4 gxf4 53. Kc5 Kxe5 0-1

[Event "AUTO-INT-3038"]
[Site "http://www.queenalice.com/game.php?id=1377494"]
[Date "2015.8.14"]
[Round "1"]
[White "altair"]
[Black "AlexRB"]
[Result "1-0"]
[WhiteElo "1696"]
[BlackElo "1341"]

1. e4 e5 2. Nf3 Bd6 3. g3 Nf6 4. d3 O-O 5. Bg2 Nc6 6. a3 Bc5 7. O-O h6 8. b4 Bd4
9. c3 Bb6 10. c4 Bd4 11. Nxd4 Nxd4 12. Bb2 Nc6 13. Nd2 d6 14. Bc3 Bg4 15. f3 Be6
16. Qe2 Qe7 17. Nb3 a6 18. d4 b5 19. d5 Bxd5 20. exd5 Nd8 21. cxb5 Nxd5 22. Qd3
Ne6 23. Qxd5 axb5 24. Qxb5 Rab8 25. Qd3 Qe8 26. Qc4 Ng5 27. Rae1 Qa4 28. Bb2 1-0

[Event "AUTO-INT-3038"]
[Site "http://www.queenalice.com/game.php?id=1377495"]
[Date "2015.8.14"]
[Round "1"]
[White "AlexRB"]
[Black "altair"]
[Result "0-1"]
[WhiteElo "1348"]
[BlackElo "1669"]

1. e4 e5 2. Qf3 Nf6 3. Nc3 a6 4. Bc4 Be7 5. Qh5 Nxh5 6. Nf3 h6 7. Nxe5 d5 8.
exd5 Bf6 9. Nf3 O-O 10. O-O b5 11. Bd3 Bxc3 12. dxc3 Qxd5 13. Nd2 Nf4 14. Nf3
Nxd3 15. cxd3 Qxd3 16. Ne5 Qe4 17. Nf3 Bb7 18. Re1 Qg6 19. Re3 f5 20. Nd4 Qxg2#
0-1

[Event "AUTO-INT-3038"]
[Site "http://www.queenalice.com/game.php?id=1377502"]
[Date "2015.8.14"]
[Round "1"]
[White "AlexRB"]
[Black "renatomfelipe"]
[Result "0-1"]
[WhiteElo "1342"]
[BlackElo "1808"]

1. e4 c5 2. Qf3 Nc6 3. Bc4 e6 4. Nc3 a6 5. Nh3 b5 6. Be2 b4 7. e5 Bb7 8. Ne4
Nxe5 9. Qf4 Ng6 10. Qf3 d5 11. Neg5 Nf6 12. O-O h6 13. Nxf7 Kxf7 14. Qg3 Bd6 15.
Qf3 Ne5 16. Qe3 d4 0-1

[Event "AUTO-INT-3038"]
[Site "http://www.queenalice.com/game.php?id=1377503"]
[Date "2015.8.14"]
[Round "1"]
[White "renatomfelipe"]
[Black "AlexRB"]
[Result "1-0"]
[WhiteElo "1831"]
[BlackElo "1346"]

1. e4 e5 2. Nf3 Bd6 3. Nc3 Nc6 4. a3 h6 5. Bc4 Nf6 6. d3 O-O 7. Be3 a6 8. h3 b5
9. Bb3 b4 10. axb4 Bxb4 11. Bd2 Bxc3 12. Bxc3 Bb7 13. Nxe5 1-0